LEADER 00829nam a2200205 4500 001 000000345074 003 CaOOAMICUS 005 20210325155448.0 008 210325s1998 fr a 000 u ita r 040 $aSeMil$bita 245 00$aBernadette de Lourdes :$braccontata ai bambini. 264 1$aLourdes :$bA. Doucet,$c1998. 300 $a1 v. :$bin gran parte ill. ;$c31 cm 600 14$aSoubirous, Bernadette .$0(OLS)http://semarc/subject/2689 850 $aSeMil 852 $aSeMil$W1$xVenegono$y1$m3H VI 356$j225506$B236147$CSeMilBibl$Z2$F236147 $81 961 $aSistema Bibliotecario Valle dei Mulini - Omaggio 996 $6245$aBernadette de Lourdes :$braccontata ai bambini$9(OLS)http://semarc/title/434181 996 $6264$aLourdes :$bA. Doucet$9(OLS)http://semarc/publisher/59646 LEADER 01158nam a2200241 i 4500 001 000000053627 003 CaOOAMICUS 005 20260316101341.0 008 090902s1960 gw u000 u ger u 040 $aSeMil$bita 100 1 $aLoretz, Oswald,$d<1928-2014>.$0(OLS)http://semarc/name/13300 245 14$aDas Reich Gottes nach dem Buche Isaias /$cAuctore Oswaldo Loretz. 264 1$aInnsbruck :$b[s.n.],$c1960. 300 $a59 p. ;$c23 cm. 500 $aIn mezzo al front.: Excerpta ex Dissertatione ad Lauream in Facultate Theologica Pontificiae Universitatis Gregorianae 650 4$aBibbia. Antico Testamento. Isaia - Commentari, studi, critica, interpretazioni.$0(OLS)http://semarc/subject/111 650 4$aTesi di laurea - Estratti.$0(OLS)http://semarc/subject/58988 710 2 $aPontificia Università Gregoriana .$0(OLS)http://semarc/name/5 850 $aSeMil 852 $aSeMil$W1$xVenegono$y1$m4Z I 66$j268543$B19781$CSeMilBibl$Z2$F19783 $81 996 $6245$aDas Reich Gottes nach dem Buche Isaias$9(OLS)http://semarc/title/82666 996 $6264$aInnsbruck :$b[s.n.]$9(OLS)http://semarc/publisher/31068